000 00793nam a22001817a 4500
999 _c59247
_d59247
003 Ge_BSU
005 20221223114327.0
008 221223s1977ge xxu||||| |||| 00| 0 geo d
041 _ageo
080 _a821.353.1-1 გ-69
100 _aგორგილაძე, ზურაბ, ავტ.
_916544
245 _aსინაზე : ლექსები /
_cზურაბ გორგილაძე, რედ.ზურაბ ფირცხალაიშვილი
264 _aბათუმი :
_bსაბჭ. აჭარა,
_c1977.
300 _a254 გვ. :
_bილ. ;
_c17 სმ.
653 _aსინაზე : ლექსები.
700 _aფირცხალაიშვილი, ზურაბ
_eრედაქტორი
_94718
942 _2udc
_cBK